Use of English

Gardado en:
Detalles Bibliográficos
Formato: Libro
Publicado: 1996
Các nhãn: Engadir etiqueta
Sen Etiquetas, Sexa o primeiro en etiquetar este rexistro!
Thư viện lưu trữ: Mạng thư viện Đại học Đà Nẵng
LEADER 00426nam a22001811a 4500
001 000037758
003 14053
005 20160412021139.0
008 160412s1996 000
082 |a 4A(07)1158 
245 |a Use of English  |c Nguyen Thanh Yen 
260 |c 1996 
OWN |a LNN 
999 |a From the UDN01 
TYP |a Monograph 
980 |a Mạng thư viện Đại học Đà Nẵng